000
00207nam a2200097Ia 4500
008
240331s9999 xx 000 0 und d
082
_b
MIL
100
_a
Milch, R. J
245
4
_a
The Iliad :
_b
notes
942
_c
L
999
_c
3145
_d
3145